Регионална библиотека "Любен Каравелов" - Русе

Химия (Запис номер 135777)

MARC детайли
000 -Лидер
Контролно поле с фиксирана дължина 01474nam a2200361 c 4500
003 - Код на организацията, давaща контролен номер
Контролно поле BLK
005 - Дата и час на последна редакция
Контролно поле 20220531090653.0
008 - Елементи от данни с фиксирана дължина
fixed length control field 180409b bul|||||r ||||||| ||bul||
010 ## - Наследен системен номер
LC control number KNG00141705000
040 ## - Източник на каталожния запис
Идентификатор на билиотеката - собственик на записа BLK
041 ## - Код за език
Код за езика на текст/звукозапис или на отделно заглавие Български
Код за езика КДБФ Български
080 ## - УДК
Текстов определител УДК Химия в основното училище
УДК код - определител по УДК 372.854
УДК определител (075.2)
УДК - код + определител 372.854(075.2)
100 1# - Редна дума - Автор
Автор Бончева, Богдана Иванова
R(LIN) 324968
139 ## - Редно поле
Редна дума Бончева, Богдана Ив. и др.
Авторски знак Бонч - Б 63
245 10 - Сведения за заглавието
Заглавие Химия
Подзаглавни данни За VIII кл. на общообраз. у-ща
Редно поле (дума) Богдана Ив. Бончева; съавт. Кръстьо Кулелиев; съавт. Надежда Б. Таслакова.
250 ## - Област на изданието
Сведения за изданието 3. изд.
257 ## - Страна на издаване
Страна на създаване/издаване България
260 ## - Област на издателските данни
Име на издателя, разпространителя и проч. Нар. просвета
Година на издаване 1959
9 (RLIN) 443233
Място на издаване, разпространение и проч. София
300 ## - Физическа характеристика
Страници 144 с.
Илюстрации и др. с ил.
Размери/Мащаб 22 см
380 ## - Жанр
Жанр Обществени науки
500 ## - Общи забележки
Забележка 1. изд. 1957. - 42 000 тир.
650 #4 - Допълнително описание по предмет – тема
Основно описание – тема или топоним Химия - учебници за основни училища
9 (RLIN) 251442
653 ## - Ключова дума – ненормативна
Ключова дума химия
653 ## - Ключова дума – ненормативна
Ключова дума учебници за основни училища
653 ## - Ключова дума – ненормативна
Ключова дума VІІІ кл.
700 1# - Други автори (авторска отговорност)
Лично име Кулелиев, Кръстьо
Автороска отговорност (Описва отношението между автора и произведението) съавт.
9 (RLIN) 324979
700 1# - Други автори (авторска отговорност)
Лично име Таслакова, Надежда Боева
9 (RLIN) 321024
852 ## - Местоположение
Форматна сигнатура Цб 13896
Фондова буква Основен фонд - ползва се само за читалня
856 4# - Електронен адрес и достъп
Електронен формат pdf - файл
856 4# - Електронен адрес и достъп
Електронен формат pdf - файл
999 ## - СИСТЕМНИ КОНТРОЛНИ НОМЕРА
Koha biblionumber 135777
Koha biblioitemnumber 135777
942 ## - АРТИКУЛИ
Вид на библиотечния материал Книги
Скрит в OPAC Не
Периодичен библиозапис Да
944 ## - СЪЗДАВАНЕ И РЕДАКЦИЯ на ЗАПИСА
Създаване/Редакция Създаване
Дата на регистрацията/редакция 08.04.2013
Статус, дата на статуса 08.04.2013 - от С1,Р / 08.04.2013
Служител, извършил регистрацията/редакцията Кина_Георгиева
944 ## - СЪЗДАВАНЕ И РЕДАКЦИЯ на ЗАПИСА
Създаване/Редакция Редакция
Дата на регистрацията/редакция 2021-11-12
Статус, дата на статуса 2021-11-12
999 ## - СИСТЕМНИ КОНТРОЛНИ НОМЕРА
Koha biblioitemnumber 135777
Наличности
Код за отписване Код за изгубен артикул Източник на класификационната схема Код за повреда Коз за рестрикции Код за отдаване Артикулен № Име на библиотеката - собственик Име на библиотеката, в която се намира в момента Статус (Текущо местоположение) Дата на вписване в системата Местоположение - отдел Цена в лева Инвентарен номер Систематично азбучна сигнатура Баркод Номер на екземпляра Цена в евро Служебна бележка Служебен тип на артикула
  Не е изгубен Universal Decimal Classification Не е повреден без рестрикции ползва се в читалня 221903 Регионална библиотека "Любен Каравелов" Русе Регионална библиотека "Любен Каравелов" Русе Хранилище 1959-01-01 Основен фонд - ползва се само за читалня 0.36 5264/59 Цб 13896 900000082727 1 0.18 N: стар фонд Дата: 01.01.1959 Книги
Vip Innovations Ltd, Rousse, Bulgaria 2025